000 00630nam a2200181Ia 4500
008 100920s9999 xx 000 0 und d
082 _b91774
_a520 न 04
100 _aघाणेकर मधुसूदन.
245 _aपंचांग कसे पहावे ?.
260 _bइंद्रायणी साहित्य प्रकाशन, पुणे.
_c2004
300 _a79
_bसाधी
365 _b40
520 _aशाअ.
630 _aपंचांग कसे पहावे ?.
650 _aशाअ.
730 _aपंचांग कसे पहावे ?.
942 _cBOOK
999 _c732240
_d732237